Autocad Reference Guide (Record no. 544812)
[ view plain ]
| 000 -LEADER | |
|---|---|
| fixed length control field | 00495nam a22001697a 4500 |
| 020 ## - INTERNATIONAL STANDARD BOOK NUMBER | |
| International Standard Book Number | 0-934035-02-4 |
| 082 ## - DEWEY DECIMAL CLASSIFICATION NUMBER | |
| Classification number | 620.00420285 |
| Author Mark | KEN |
| 100 ## - MAIN ENTRY--PERSONAL NAME | |
| Personal name | Kent, Dorothy., |
| 9 (RLIN) | 40551 |
| 245 ## - TITLE STATEMENT | |
| Title | Autocad Reference Guide |
| Statement of responsibility, etc. | Kent, Dorothy., |
| 250 ## - EDITION STATEMENT | |
| Edition statement | 2nd ed. |
| 260 ## - PUBLICATION, DISTRIBUTION, ETC. | |
| Place of publication, distribution, etc. | Gresham, Oregon : |
| Name of publisher, distributor, etc. | New Riders. |
| Date of publication, distribution, etc. | c1991. |
| 300 ## - PHYSICAL DESCRIPTION | |
| Extent | vi, 304 p. : |
| Other physical details | ill. ; |
| Dimensions | 17 cm. |
| Accompanying material | maps |
| 526 ## - STUDY PROGRAM INFORMATION NOTE | |
| Program name | 0 |
| Interest level | 0 |
| Reading level | 0 |
| Title point value | 620_004202850000000_KEN |
| 526 ## - STUDY PROGRAM INFORMATION NOTE | |
| Program name | 0 |
| Interest level | 0 |
| Reading level | 0 |
| Title point value | 620_004202850000000_KEN |
| 650 ## - SUBJECT ADDED ENTRY--TOPICAL TERM | |
| Topical term or geographic name entry element | MCE |
| 9 (RLIN) | 379 |
| 942 ## - ADDED ENTRY ELEMENTS (KOHA) | |
| Source of classification or shelving scheme | |
| Koha item type | Book |
| Withdrawn status | Lost status | Source of classification or shelving scheme | Damaged status | Not for loan | Permanent Location | Current Location | Date acquired | Total Checkouts | Full call number | Barcode | Date last seen | Price effective from | Koha item type | Date last checked out |
|---|---|---|---|---|---|---|---|---|---|---|---|---|---|---|
| Military College of Engineering (MCE) | Military College of Engineering (MCE) | 05/12/2014 | 620.00420285 KEN | MCE-30058 | 05/12/2014 | 05/12/2014 | Book | |||||||
| Military College of Engineering (MCE) | Military College of Engineering (MCE) | 05/12/2014 | 2 | 620.00420285 KEN | MCE-29179 | 05/13/2014 | 05/12/2014 | Book | 05/13/2014 |
